Other Open Access
Ross, Natalie;
Klee-Schramm, Isabelle;
Ademmer, Claudia;
Bastian, Anton;
Weyers, Jonas;
König, Johannes;
Kaiser, Gabriele
<?xml version='1.0' encoding='UTF-8'?>
<record xmlns="http://www.loc.gov/MARC21/slim">
<leader>00000nam##2200000uu#4500</leader>
<datafield tag="542" ind1=" " ind2=" ">
<subfield code="l">open</subfield>
</datafield>
<datafield tag="700" ind1=" " ind2=" ">
<subfield code="a">Klee-Schramm, Isabelle</subfield>
<subfield code="u">Universität zu Köln</subfield>
</datafield>
<datafield tag="700" ind1=" " ind2=" ">
<subfield code="a">Ademmer, Claudia</subfield>
<subfield code="u">Technische Universität Dortmund</subfield>
</datafield>
<datafield tag="700" ind1=" " ind2=" ">
<subfield code="a">Bastian, Anton</subfield>
<subfield code="u">Universität Hamburg</subfield>
<subfield code="0">(orcid)0000-0002-1177-6336</subfield>
</datafield>
<datafield tag="700" ind1=" " ind2=" ">
<subfield code="a">Weyers, Jonas</subfield>
<subfield code="u">Universität zu Köln</subfield>
<subfield code="0">(orcid)0000-0003-1804-4434</subfield>
</datafield>
<datafield tag="700" ind1=" " ind2=" ">
<subfield code="a">König, Johannes</subfield>
<subfield code="u">Universität zu Köln</subfield>
<subfield code="0">(orcid)0000-0003-3374-9408</subfield>
</datafield>
<datafield tag="700" ind1=" " ind2=" ">
<subfield code="a">Kaiser, Gabriele</subfield>
<subfield code="u">Universität Hamburg</subfield>
<subfield code="0">(orcid)0000-0002-6239-0169</subfield>
</datafield>
<datafield tag="540" ind1=" " ind2=" ">
<subfield code="u">https://creativecommons.org/licenses/by-sa/4.0/legalcode</subfield>
<subfield code="a">Creative Commons Attribution Share Alike 4.0 International</subfield>
</datafield>
<datafield tag="980" ind1=" " ind2=" ">
<subfield code="a">other</subfield>
</datafield>
<datafield tag="520" ind1=" " ind2=" ">
<subfield code="a"><p>Die innovativen Aus- und Fortbildungsmaterialien f&uuml;r einen inklusiven Algebraunterricht in der Sekundarstufe wurden im Rahmen des&nbsp;Projekts&nbsp;<em>Teacher Education and Development Study - Inclusive Mathematics Education (TEDS-IME)</em>&nbsp;entwickelt und die Entiwicklung im Kontext der BMBF-F&ouml;rderrichtline&nbsp;<em>F&ouml;rderbezogene Diagnostik in der inklusiven Bildung </em>unter dem F&ouml;rderkennzeichen 01NV2125A/B durch das Bundesministerium f&uuml;r Bildung und Forschung gef&ouml;rdert. Es zielt auf die&nbsp;<strong>F&ouml;rderung der Diagnose- und F&ouml;rderkompetenzen von angehenden und berufst&auml;tigen Regelschullehrkr&auml;ften f&uuml;r Mathematik der Sekundarstufe</strong> in Bezug auf <strong>inklusive Bildung</strong>.</p>
<p>Ziel der Professionalisierung ist es, Lehrkr&auml;fte dabei zu unterst&uuml;tzen, einen inklusiven Algebra-Unterricht zu gestalten, der allen Lernenden einen Lernfortschritt erm&ouml;glicht. Hierzu steht insbesondere die Erweiterung der notwendigen Diagnose- und F&ouml;rderkompetenz bei (angehenden) Lehrpersonen der Sekundarstufe I im Fokus. Im Rahmen der Professionalisierung werden verschiedene Lerngelegenheiten vorgestellt, die aus p&auml;dagogischer, aus mathematikdidaktischer und aus einer integrierenden Perspektive n&auml;her beleuchtet werden. Um das Repertoire an Handlungsm&ouml;glichkeiten f&uuml;r den unterrichtlichen Alltag zu erweitern, sind alle Lerngelegenheiten in konkreten Unterrichtssituationen verankert. Anhand von konkreten Unterrichtsmaterialien, geskripteten Unterrichtsvideos bzw. Lernenden&auml;u&szlig;erungen sollen die anspruchsvollen theoretischen Konzeptionen m&ouml;glichst praxisnah vermittelt werden. Dabei hat sich f&uuml;r eine Ableitung von Handlungsalternativen etabliert, ausf&uuml;hrlich die (Wahrnehmung der) Situation zu beschreiben und diese anhand von erarbeiteten Kriterien zu interpretieren.</p>
<p>F&uuml;r die inhaltliche Strukturierung der Professionalisierungsma&szlig;nahme wurde auf eine vom Deutschen Zentrum f&uuml;r Lehrkr&auml;ftebildung Mathematik (DZLM) entwickelte Lernlandkarte f&uuml;r Lehrkr&auml;fte (Prediger et al., 2020) zur&uuml;ckgegriffen, die im Hinblick auf inklusives Unterrichten in Algebra wie folgt spezifiziert wurde:&nbsp;</p>
<ul>
<li>Die Aspekte des Diagnostizierens und F&ouml;rderns von Lernvoraussetzungen werden als zentrale Anforderungen an Lehrkr&auml;fte unterschieden. Die zugrundliegende Kategorien nach denen diagnostiziert und gef&ouml;rdert wird, m&uuml;ssen in einem ersten Schritt identifiziert werden.&nbsp;</li>
<li>Unter der Rubrik P&auml;dagogische Denkkategorien werden die von Hasselhorn &amp; Gold (2022) unterschiedenen Lernvoraussetzungen des erfolgreichen Lernens subsumiert: Vorwissen, Aufmerksamkeit &amp; Arbeitsged&auml;chtnis, Lernstrategien &amp; metakognitive Regulation und Motivation &amp; Selbstkonzept.</li>
<li>Der aus p&auml;dagogischer Perspektive als mathematisches Vorwissen bezeichnete Bereich wird genauer unter der Rubrik der Mathematischen Denkkategorien aufgeschl&uuml;sselt. Aus fachlicher Perspektive werden hier die f&uuml;r das inklusive Unterrichten als besonders relevant erachteten Teilaspekte der Anforderungsstufen, der (curricularen) Lernstufen, der Grundvorstellungen und der Darstellungsvernetzung unterschieden.</li>
<li>Als wesentlich erachtete Prinzipien und Orientierungen f&uuml;r guten Mathematikunterricht werden offengelegt, wobei sich auf die im bundesweiten Programm &bdquo;Unterrichts- und Fortbildungs-Qualit&auml;t in Mathematik entwickeln&ldquo; (QuaMath) postulierten Begriffe bezogen wird (Prediger &amp; Selter, 2024).&nbsp;</li>
</ul>
<p>Die Lernlandkarte wird im Verlauf der Fortbildung sukzessiv erg&auml;nzt und erweitert, strukturiert die Lerngelegenheiten der einzelnen Sitzungen und soll damit gezielt den Aufbau von metakognitivem Wissen unterst&uuml;tzen. (Die Lernlandkarte ist&nbsp;im Material enthalten und &uuml;berdies &uuml;ber folgenden Link aufrufbar:&nbsp;<a href="https://www.teds.uni-hamburg.de/teds-ime/fortbildung.html">Projektseite TEDS-IME Professionalisierungsma&szlig;nahme</a>.)</p>
<p>&nbsp;</p>
<p><strong>Literatur</strong></p>
<p>Hasselhorn, M., &amp; Gold, A. (2017). P&auml;dagogische Psychologie: Erfolgreiches Lernen und Lehren (4. aktualisierte Auflage ed.). Kohlhammer Verlag.</p>
<p>Prediger, S., Kuhl, J., B&uuml;scher, C., &amp; Bur&oacute;, S. (2020). Mathematik inklusiv lehren lernen: Entwicklung eines forschungsbasierten interdisziplin&auml;ren Fortbildungskonzepts. Journal f&uuml;r Psychologie, 27(2), 288&ndash;312.&nbsp;<a href="https://doi.org/10.30820/0942-2285-2019-2-288">https://doi.org/10.30820/0942-2285-2019-2-288</a></p>
<p>Prediger, Susanne &amp; Selter, Christoph (2024). Establish shared visions and support productive adaptations on all levels: Aims, strategies, and architecture of a nationwide implementation program. Implementation and Replication Studies in Mathematics Education, 4(1), 1&ndash;35.&nbsp;<a href="https://doi.org/10.1163/26670127-bja10020">https://doi.org/10.1163/26670127-bja10020</a></p></subfield>
</datafield>
<controlfield tag="005">20241213063354.0</controlfield>
<datafield tag="024" ind1=" " ind2=" ">
<subfield code="a">10.25592/uhhfdm.15924</subfield>
<subfield code="2">doi</subfield>
</datafield>
<datafield tag="500" ind1=" " ind2=" ">
<subfield code="a">Die Entwicklung dieses Materials wurde aus Mitteln des Bundesministeriums für Bildung und Forschung unter dem Förderkennzeichen 01NV2125A/B gefördert. Die Verantwortung für den Inhalt dieser Veröffentlichung liegt bei den Autor:innen.</subfield>
</datafield>
<datafield tag="260" ind1=" " ind2=" ">
<subfield code="c">2024-09-23</subfield>
</datafield>
<controlfield tag="001">15924</controlfield>
<datafield tag="650" ind1="1" ind2="7">
<subfield code="a">cc-by</subfield>
<subfield code="2">opendefinition.org</subfield>
</datafield>
<datafield tag="909" ind1="C" ind2="O">
<subfield code="o">oai:fdr.uni-hamburg.de:15924</subfield>
<subfield code="p">user-uhh</subfield>
</datafield>
<datafield tag="245" ind1=" " ind2=" ">
<subfield code="a">Professionalisierungsmaßnahme "Algebra inklusiv unterrichten" - Professionalisierungs- und Unterrichtsmaterialien</subfield>
</datafield>
<datafield tag="773" ind1=" " ind2=" ">
<subfield code="a">10.25592/uhhfdm.15923</subfield>
<subfield code="i">isVersionOf</subfield>
<subfield code="n">doi</subfield>
</datafield>
<datafield tag="856" ind1="4" ind2=" ">
<subfield code="s">3419856685</subfield>
<subfield code="u">https://www.fdr.uni-hamburg.de/record/15924/files/Algebra_inklusiv_unterrichten_Materialien.zip</subfield>
<subfield code="z">md5:ff4924f58108ff8d19f799ec6e1bd5c0</subfield>
</datafield>
<datafield tag="041" ind1=" " ind2=" ">
<subfield code="a">deu</subfield>
</datafield>
<datafield tag="653" ind1=" " ind2=" ">
<subfield code="a">Mathematics education</subfield>
</datafield>
<datafield tag="653" ind1=" " ind2=" ">
<subfield code="a">Inclusive education</subfield>
</datafield>
<datafield tag="653" ind1=" " ind2=" ">
<subfield code="a">Professional development program</subfield>
</datafield>
<datafield tag="653" ind1=" " ind2=" ">
<subfield code="a">Teacher education</subfield>
</datafield>
<datafield tag="653" ind1=" " ind2=" ">
<subfield code="a">In-service teachers</subfield>
</datafield>
<datafield tag="653" ind1=" " ind2=" ">
<subfield code="a">Pre-service teachers</subfield>
</datafield>
<datafield tag="653" ind1=" " ind2=" ">
<subfield code="a">Algebra</subfield>
</datafield>
<datafield tag="653" ind1=" " ind2=" ">
<subfield code="a">Mathematikunterricht</subfield>
</datafield>
<datafield tag="653" ind1=" " ind2=" ">
<subfield code="a">Inklusiver Unterricht</subfield>
</datafield>
<datafield tag="653" ind1=" " ind2=" ">
<subfield code="a">Fortbildung</subfield>
</datafield>
<datafield tag="653" ind1=" " ind2=" ">
<subfield code="a">Professionalisierung</subfield>
</datafield>
<datafield tag="653" ind1=" " ind2=" ">
<subfield code="a">Lehrkräftebildung</subfield>
</datafield>
<datafield tag="653" ind1=" " ind2=" ">
<subfield code="a">Lehrkräfte</subfield>
</datafield>
<datafield tag="653" ind1=" " ind2=" ">
<subfield code="a">Lehramtsstudierende</subfield>
</datafield>
<datafield tag="653" ind1=" " ind2=" ">
<subfield code="a">Algebra</subfield>
</datafield>
<datafield tag="100" ind1=" " ind2=" ">
<subfield code="a">Ross, Natalie</subfield>
<subfield code="u">Universität Hamburg</subfield>
</datafield>
<datafield tag="980" ind1=" " ind2=" ">
<subfield code="a">user-uhh</subfield>
</datafield>
</record>